|
|
|
|
| LEADER |
01744cas a2200241 a 4500 |
| 001 |
AALejournalIMF007104 |
| 008 |
230101c9999 xx r poo 0 0eng d |
| 020 |
|
|
|c 5.00 USD
|
| 020 |
|
|
|z 9781455231096
|
| 022 |
|
|
|a 1934-7685
|
| 040 |
|
|
|a BD-DhAAL
|c BD-DhAAL
|
| 110 |
2 |
|
|a International Monetary Fund.
|
| 245 |
1 |
0 |
|a Iraq :
|b Second Review Under the Stand-By Arrangement, Requests for Waiver of Applicability, Extension of the Arrangement, and Rephasing of Access-Staff Report; Press Release on the Executive Board Discussion; and Statement by the Executive Director for Iraq.
|
| 264 |
|
1 |
|a Washington, D.C. :
|b International Monetary Fund,
|c 2011.
|
| 300 |
|
|
|a 1 online resource (71 pages)
|
| 490 |
1 |
|
|a IMF Staff Country Reports
|
| 500 |
|
|
|a <strong>Off-Campus Access:</strong> No User ID or Password Required
|
| 500 |
|
|
|a <strong>On-Campus Access:</strong> No User ID or Password Required
|
| 506 |
|
|
|a Electronic access restricted to authorized BRAC University faculty, staff and students
|
| 520 |
3 |
|
|a A financial program that aims to ensure macroeconomic stability of Iraq was discussed. The Iraqi economy was severely affected in 2009 by the decline in oil prices. Macroeconomic stability was maintained in 2010, despite a highly uncertain domestic and external environment. Policy discussions were framed by Iraq's medium-term prospects, especially with regard to the development of its vast hydrocarbon resources. Structural reforms under the program aim at improving public financial management.
|
| 538 |
|
|
|a Mode of access: Internet
|
| 830 |
|
0 |
|a IMF Staff Country Reports; Country Report ;
|v No. 2011/075
|
| 856 |
4 |
0 |
|z Full text available on IMF
|u http://elibrary.imf.org/view/journals/002/2011/075/002.2011.issue-075-en.xml
|z IMF e-Library
|